|
|
|
|
| LEADER |
00000caa a22000002c 4500 |
| 001 |
1640015671 |
| 003 |
DE-627 |
| 005 |
20220608130844.0 |
| 007 |
tu |
| 008 |
160223s1993 xx ||||| 00| ||ger c |
| 035 |
|
|
|a (DE-627)1640015671
|
| 035 |
|
|
|a (DE-576)456031391
|
| 035 |
|
|
|a (DE-599)BSZ456031391
|
| 040 |
|
|
|a DE-627
|b ger
|c DE-627
|e rakwb
|
| 041 |
|
|
|a ger
|
| 100 |
1 |
|
|a Ostermann, Stefan
|4 aut
|
| 245 |
1 |
0 |
|a Haft ohne Rechtsgrundlage. Zum Übergang von der Untersuchungshaft in den Maßregelvollzug
|c Stefan Ostermann
|
| 264 |
|
1 |
|c 1993
|
| 336 |
|
|
|a Text
|b txt
|2 rdacontent
|
| 337 |
|
|
|a ohne Hilfsmittel zu benutzen
|b n
|2 rdamedia
|
| 338 |
|
|
|a Band
|b nc
|2 rdacarrier
|
| 773 |
0 |
8 |
|i In
|t Strafverteidiger
|d Köln : Heymanns, 1981
|g 13(1993), 1, Seite 52-54
|w (DE-627)129098132
|w (DE-600)8277-6
|w (DE-576)014434857
|x 0720-1605
|7 nnas
|
| 773 |
1 |
8 |
|g volume:13
|g year:1993
|g number:1
|g pages:52-54
|
| 935 |
|
|
|a mkri
|
| 951 |
|
|
|a AR
|
| ELC |
|
|
|b 1
|
| LOK |
|
|
|0 000 xxxxxcx a22 zn 4500
|
| LOK |
|
|
|0 001 3301252192
|
| LOK |
|
|
|0 003 DE-627
|
| LOK |
|
|
|0 004 1640015671
|
| LOK |
|
|
|0 005 20250312122522
|
| LOK |
|
|
|0 008 160208||||||||||||||||ger|||||||
|
| LOK |
|
|
|0 040
|a DE-21-110
|c DE-627
|d DE-21-110
|
| LOK |
|
|
|0 689
|a s
|a Maßregelvollzug
|
| LOK |
|
|
|0 689
|a s
|a Untersuchungshaftvollzug
|
| LOK |
|
|
|0 852
|a DE-21-110
|
| LOK |
|
|
|0 852 1
|m p
|9 00
|
| LOK |
|
|
|0 935
|a k110
|
| LOK |
|
|
|0 938
|k p
|
| LOK |
|
|
|0 939
|a 08-02-16
|b l01
|
| ORI |
|
|
|a SA-MARC-krimdoka001.raw
|